000 00598nam a2200217Ia 4500
005 20250108125107.0
008 008 250107s9999 xx 000 0 eng d
037 _aTB
040 _aCRL
_beng
_cCRL
041 _aeng
_2eng
084 _aV247.P R4
084 _qCRL
100 _aKuppuswamy B. Au.
_9686201
245 0 _aBrahmavadin-1895-1914: contributions to India philosophy
_cKuppuswamy B. Au.
260 _aNew Delhi, India
_bAuthors Press
_c3290
300 _a492p.
365 _aINR
_b750
650 _aPHILOSOPHY
942 _cTB
_hV247.P R4
999 _c1235678
_d1235678